Zákazková výroba

Postupy účtovania pre podnikateľov umožňujú stavebnú činnosť účtovných jednotiek účtovať rôznymi spôsobmi, ako zákazkovú výrobu, ako zákazkovú výstavbu nehnuteľností určenú na predaj, ako nedokončenú výrobu, ako nehnuteľnosť určenú na predaj alebo ako kúpu a predaj nehnuteľnosti v nezmenenom stave....

Descripción completa

Guardado en:
Detalles Bibliográficos
Autor principal: Novotná, Ľudmila
Formato: Capítulo de libro
Lenguaje:eslovaco
Materias:
Etiquetas: Agregar Etiqueta
Sin Etiquetas, Sea el primero en etiquetar este registro!

MARC

LEADER 00000naa a2200000 4500
001 0234673
005 20221104110938.7
041 0 |a slo 
044 |a SK 
245 1 0 |a Zákazková výroba  |c Ľudmila Novotná 
520 |a Postupy účtovania pre podnikateľov umožňujú stavebnú činnosť účtovných jednotiek účtovať rôznymi spôsobmi, ako zákazkovú výrobu, ako zákazkovú výstavbu nehnuteľností určenú na predaj, ako nedokončenú výrobu, ako nehnuteľnosť určenú na predaj alebo ako kúpu a predaj nehnuteľnosti v nezmenenom stave. V praxi majú účtovné jednotky problém určiť, ktorým spôsobom majú výstavbu nehnuteľnosti účtovať. 
610 2 0 |a výroba zákazková 
610 2 0 |a postupy účtovné 
610 2 0 |a nehnuteľnosti 
610 2 0 |a jednotka účtovná 
100 1 |a Novotná, Ľudmila